Geo-ecological evaluation of salt lake city (Record no. 14449)
[ view plain ]
| 000 -LEADER | |
|---|---|
| fixed length control field | 00500nam a2200169Ia 4500 |
| 082 ## - DEWEY DECIMAL CLASSIFICATION NUMBER | |
| Classification number | RH.0031 |
| 100 ## - MAIN ENTRY--AUTHOR NAME | |
| Personal name | Hazra, Jayati |
| 245 #0 - TITLE STATEMENT | |
| Title | Geo-ecological evaluation of salt lake city |
| 260 ## - PUBLICATION, DISTRIBUTION, ETC. (IMPRINT) | |
| Year of publication | 1991 |
| Name of publisher | ICSSR, New Delhi |
| 300 ## - PHYSICAL DESCRIPTION | |
| Number of Pages | 125 |
| 650 ## - SUBJECT ADDED ENTRY--TOPICAL TERM | |
| Topical Term | HUMAN SETTLEMENTS - WEST BENGAL - CALCUTTA |
| 650 ## - SUBJECT ADDED ENTRY--TOPICAL TERM | |
| Topical Term | CALCUTTA - GEOGRAPHY |
| 650 ## - SUBJECT ADDED ENTRY--TOPICAL TERM | |
| Topical Term | PUBLIC HEALTH - WEST BENGAL - CALCUTTA |
| 650 ## - SUBJECT ADDED ENTRY--TOPICAL TERM | |
| Topical Term | LAND USE, URBAN - WEST BENGAL - CALCUTTA |
| 710 ## - ADDED ENTRY--CORPORATE NAME | |
| Corporate name or jurisdiction name as entry element | University of Calcutta |
| 942 ## - ADDED ENTRY ELEMENTS (KOHA) | |
| Koha item type | Research Reports |
| Source of classification or shelving scheme | Dewey Decimal Classification |
| Withdrawn status | Lost status | Damaged status | Not for loan | Collection code | Home library | Current library | Date acquired | Bill Date | Full call number | Accession Number | Price effective from | Koha item type |
|---|---|---|---|---|---|---|---|---|---|---|---|---|
| Not For Loan | Minor Research project Reports | NASSDOC Library | NASSDOC Library | 08/10/2004 | 2008-12-30 | RH.0031 | 31778 | 18/04/2019 | Research Reports |
